000 00351nam a2200109Ia 4500
008 220204s9999 xx 000 0 und d
082 _aNR:063IR`1990'
_bIRR
245 0 _aQuality and consistency of natural rubber: Proceedings of IRRDB symposium. Manila. Philippines. October 1991
260 _aUK
_bIRRDB
_c1992
650 _aNatural Rubber
942 _cBK
999 _c43570
_d43570